|
|
|
|
| LEADER |
00000cam a2200000 7i4500 |
| 001 |
0000039633 |
| 005 |
20140101.0 |
| 008 |
140101 |
| 090 |
0 |
0 |
|a 782.421629595
|b AHM
|
| 245 |
1 |
0 |
|a Dondang sayang :
|b seni tradisi negeri melaka
|
| 260 |
|
|
|a K.L :
|b JKKN ,
|c 2004
|
| 650 |
|
0 |
|a Dondang sayang
|
| 650 |
|
0 |
|a Muzik negeri melaka
|
| 999 |
|
|
|a 0001260768
|b Book
|c Adult Collection
|e Cawangan Mersing
|
| 999 |
|
|
|a 0001260770
|b Book
|c Adult Collection
|e Cawangan Kota Tinggi
|
| 999 |
|
|
|a 0001260771
|b Book
|c Adult Collection
|e Cawangan Bukit Gambir
|
| 999 |
|
|
|a 0001260774
|b Book
|c Adult Collection
|e Cawangan Pontian
|
| 999 |
|
|
|a 0001260777
|b Book
|c Adult Collection
|e Cawangan Taman Sri Lambak
|
| 999 |
|
|
|a 0001261733
|b Book
|c Adult Collection
|e Perbadanan Perpustakaan Awam Johor
|